| 000 | 00787nam a2200229 i 4500 | ||
|---|---|---|---|
| 001 | 48814 | ||
| 003 | ES-MaACL | ||
| 005 | 20250831062447.0 | ||
| 007 | t| | ||
| 008 | 950906s1875 sp |||| | spa d | ||
| 040 |
_aCAM _bspa _cCAM |
||
| 245 | 0 | 0 | _aDiscusiones entre un protestante y los católicos-romanos. |
| 250 | _a2ª ed. de las Noches con los romanistas, mejorada. | ||
| 260 |
_aMadrid : _bLibrería Nacional y Extranjera, _c1875 ( _fJosé Cruzado) |
||
| 300 |
_a320 p. ; _c19 cm. |
||
| 610 | 2 | 7 |
_aIglesia Católica- _xDoctrinas _2 _9151420 |
| 650 | 0 | 4 |
_aProtestantismo. _916517 |
| 852 |
_aES-MaACL _jD-1371 _950673 _cSVI |
||
| 852 |
_aES-MaACL _950672 _jT-410-F-1 _zEnc. en un vol. facticio _qEjemp. falto de cub. _cDEPOF |
||
| 942 | _2udc | ||
| 999 |
_c48814 _d48814 |
||